Statistics for The 20 Great Film Composers of All Time

Click here to take the quiz!

General Stats

  • This quiz has been taken 153 times
  • The average score is 7 of 20

Answer Stats

HintAnswer% Correct
Jaws, Schindler´s List, Jurassic ParkJohn Williams
87%
12 Years a Slave, Gladiator, InceptionHans Zimmer
71%
The Mission, Once Upon a Time in America, Cinema ParadisoEnnio Morricone
51%
The Hobbit, Hugo, The AviatorHoward Shore
47%
Breakfast at Tiffany's, The Pink Panther, Hatari!Henry Mancini
41%
Blade Runner, 1492: Conquest of Paradise, Chariots of FireVangelis
40%
Road, La Dolce Vita, The GodfatherNino Rota
37%
Good Will Hunting, Corpse Bride, Charlie and the Chocolate FactoryDanny Elfman
36%
Limelight, City Lights, Modern TimesCharles Chaplin
32%
Chinatown, Alien, Basic InstinctJerry Goldsmith
28%
Citizen Kane, Vertigo, Taxi DriverBernard Herrmann
28%
The Great Escape, The Magnificent Seven, Airplane!Elmer Bernstein
26%
Lawrence of Arabia, Dead Poets Society, GhostMaurice Jarre
23%
Midnight Cowboy, Born Free, Out of AfricaJohn Barry
23%
Gone with The Wind, Casablanca, Top HatMax Steiner
21%
The High and the Mighty, High Noon, It's a Wonderful LifeDimitri Tiomkin
15%
Ben Hur, Double Indemnity, The Thief of BagdadMiklós Rósza
15%
Dracula, The Pianist, The Ninth GateWojciech Kilar
12%
Piano, Gattaca, The Cook The Thief His Wife & Her LoverMichael Nyman
12%
Three Colours: Blue, The Double Life of Veronique, The Secret GardenZbigniew Preisner
8%

Score Distribution

Percentile by Number Answered

Percent of People with Each Score

Your Score History

You have not taken this quiz